| 000 | 00654nam a2200157 a 4500 | ||
|---|---|---|---|
| 008 | 120416s0000 ||||||||||||||||| || u | ||
| 020 | _a0891168966 | ||
| 050 | _aTJ 778 Lef | ||
| 100 | _aLefebvre, Arthur H | ||
| 245 | 1 | 0 | _aGas turbine combustion |
| 260 |
_aBristol, PA _bT&F Hemisphere _c1983 |
||
| 300 | _axvii, 531p. : ill | ||
| 350 | _a0.00 | ||
| 995 |
_aMAIN LIBRARY OPEN ACCESS _D0.00 _e727501 _FCBU-MAIN LIBRARY (Kitwe) _H2 _I55.00 _jTJ 778 Lef _UAVAILABLE _y025329 _ZMain Library Open Access Collection |
||
| 995 |
_aMAIN LIBRARY OPEN ACCESS _D0.00 _e025330 _FCBU-MAIN LIBRARY (Kitwe) _H1 _I55.00 _jTJ 778 Lef _ULOST _y025330 _ZMain Library Open Access Collection |
||
| 999 |
_c75810 _d75810 |
||